The standard operaglass (Record no. 6700)
[ view plain ]
| 000 -CABECERA | |
|---|---|
| campo de control de longitud fija | 00890nam a2200241 a 4500 |
| 001 - NÚMERO DE CONTROL | |
| campo de control | BRCA_7019 |
| 005 - FECHA Y HORA DE LA ÚLTIMA TRANSACCIÓN | |
| campo de control | 20190320205659.0 |
| 008 - DATOS DE LONGITUD FIJA--INFORMACIÓN GENERAL | |
| campo de control de longitud fija | 251111s1899----u--#######---#000-0#eng-# |
| 041 ## - CÓDIGO DE LENGUA | |
| Código de lengua del texto/banda sonora o título independiente | eng |
| 044 ## - CÓDIGO DEL PAÍS DE LA ENTIDAD EDITORA/PRODUCTORA | |
| Código MARC del país | u |
| 050 #4 - SIGNATURA TOPOGRÁFICA DE LA BIBLIOTECA DEL CONGRESO | |
| Número de clasificación | MT95 |
| Número de documento/Ítem | .A611 1899 |
| 245 10 - MENCIÓN DE TÍTULO | |
| Título | The standard operaglass |
| Resto del título | containing the detailed plots of one hundred and twenty-three celebrated operas, with critical and biographical remarks, dates, etc., etc. |
| Mención de responsabilidad, etc. | by Charles Annesley ; with a prelude by James Huneker. |
| 260 ## - PUBLICACIÓN, DISTRIBUCIÓN, ETC. | |
| Lugar de publicación, distribución, etc. | Nueva York |
| Nombre del editor, distribuidor, etc. | Bretano´s |
| Fecha de publicación, distribución, etc. | 1899 |
| 300 ## - DESCRIPCIÓN FÍSICA | |
| Extensión | xv, 446 p. |
| Dimensiones | 19 cm. |
| 500 ## - NOTA GENERAL | |
| Nota general | Se encuentra un recorte de periódico en la página 33 |
| 500 ## - NOTA GENERAL | |
| Nota general | Estado físico: cubierta posterior desprendida |
| 500 ## - NOTA GENERAL | |
| Nota general | O28 |
| 650 14 - PUNTO DE ACCESO ADICIONAL DE MATERIA--TÉRMINO DE MATERIA | |
| Término de materia o nombre geográfico como elemento de entrada | Óperas |
| Subdivisión general | Historias, tramas, etc. |
| 9 (RLIN) | 17461 |
| 700 1# - PUNTO DE ACCESO ADICIONAL--NOMBRE DE PERSONA | |
| Nombre de persona | Annesley, Charles |
| Término indicativo de función/relación | aut. |
| 9 (RLIN) | 17462 |
| 700 1# - PUNTO DE ACCESO ADICIONAL--NOMBRE DE PERSONA | |
| Nombre de persona | Huneker, James |
| Término indicativo de función/relación | coaut. |
| 9 (RLIN) | 17463 |
| 902 ## - CATALOGADOR | |
| Iniciales | GFM |
| 942 ## - ELEMENTOS DE PUNTO DE ACCESO ADICIONAL (KOHA) | |
| Fuente del sistema de clasificación o colocación | Library of Congress Classification |
| Tipo de ítem Koha | Libros |
| Estado de retiro | Estado de pérdida | Estado dañado | No para préstamo | Localización permanente | Ubicación/localización actual | Fecha de adquisición | Número de inventario | Total de préstamos | Signatura topográfica completa | Código de barras | Fecha visto por última vez | Precio válido a partir de | Tipo de ítem Koha |
|---|---|---|---|---|---|---|---|---|---|---|---|---|---|
| El ejemplar forma parte de la colección y puede ser consultado según las políticas vigentes. | Biblioteca del Museo Franz Mayer (Rogerio Casas-Alatriste) | Biblioteca del Museo Franz Mayer (Rogerio Casas-Alatriste) | 25/11/2011 | O28 | MT95 .A611 1899 (O28) | 7466 | 22/03/2019 | 22/03/2019 | Libros |